Statystyki dla Imiona polskich polityczek i polityków #3

Kliknij tutaj aby rozwiązać quiz!

Ogólne statystyki

  • Ten quiz został rozwiązany 75 razy
    (74 od ostatniego zresetowania)
  • Średni wynik to 7 z 15

Statystyki odpowiedzi

ImięNazwisko% Poprawnych
AntoniMacierewicz
87%
MariuszBłaszczak
85%
GrzegorzBraun
78%
KatarzynaLubnauer
73%
ArturDziambor
64%
TomaszGrodzki
58%
ZbigniewRau
54%
JoannaLichocka
49%
SławomirNeumann
48%
Anna MariaŻukowska
39%
WandaNowicka
27%
MarcinWarchoł
21%
MarekPęk
19%
MonikaPawłowska
16%
MarzenaOkła-Drewnowicz
10%

Rozkład punktacji

Percentyl według liczby udzielonych odpowiedzi

Procent ludzi z każdym wynikiem

Twoja historia wyników

Nie rozwiązałeś tego quizu od ostatniego zresetowania